Loading...
History - World History | 5 | 2 | 1 | 1 | 90 | 12 | 55.29 | 5 | 6 |
History - American History | 5 | 1 | 0 | 0 | 85 | 14 | 40.50 | 5 | 5 |
History - European History | 4 | 2 | 0 | 0 | 80 | 30 | 52.67 | 5 | 6 |
History - Other History | 3 | 2 | 2 | 0 | 55 | 52 | 67.60 | 3 | 5 |
Mythology | 1 | 2 | 0 | 1 | 35 | 79 | 111.67 | 0 | 1 |
Fine Arts - Visual Fine Arts | 1 | 1 | 0 | 0 | 25 | 66 | 105.00 | 1 | 1 |
Geography | 2 | 0 | 1 | 0 | 25 | 53 | 55.50 | 2 | 2 |
Religion | 0 | 2 | 0 | 1 | 20 | 83 | 107.00 | 0 | 1 |
Other Academic | 0 | 2 | 0 | 1 | 20 | 87 | 96.50 | 0 | 1 |
Literature - World Literature | 0 | 2 | 0 | 0 | 20 | 123 | 126.50 | 0 | 1 |
Current Events | 0 | 1 | 0 | 0 | 10 | 76 | 76.00 | 0 | 1 |
Fine Arts - Auditory Fine Arts | 0 | 1 | 0 | 0 | 10 | 97 | 97.00 | 0 | 1 |
Fine Arts - Other Fine Arts | 0 | 1 | 0 | 0 | 10 | 145 | 145.00 | 0 | 0 |
Literature - European Literature | 0 | 1 | 0 | 0 | 10 | 84 | 84.00 | 0 | 1 |
Philosophy | 0 | 1 | 0 | 0 | 10 | 89 | 89.00 | 0 | 1 |
Science - Other Science | 0 | 1 | 0 | 0 | 10 | 90 | 90.00 | 0 | 1 |
Social Science | 0 | 1 | 1 | 0 | 5 | 87 | 87.00 | 0 | 1 |